Statistiche per Quiz di cultura generale #1

Clicka qui per fare il quiz!

Statistiche generali

  • Questo quiz è stato fatto 786 volte
  • Il punteggio medio è 10 su 20

Statistiche sulle risposte

DOMANDARISPOSTA% Corretto
Quale elemento ha come simbolo Pb?Piombo
93%
In quale lingua veniva detta la messa fino al 1960?Latino
92%
Quale è il testo sacro dell'Islam?Corano
82%
Quale nazione ha costruito la linea Maginot per resistere alle invasioni del vicino?Francia
76%
Il topo più famoso dei libri per ragazziGeronimo Stilton/Stilton/Geronimo
75%
Nominami uno dei due elementi della tavola periodica che inizia per ZZinco/Zirconio
75%
Capitale delle FilippineManila
74%
Come si dice toro in spagnolo?Toro
68%
Qual è la band svedese più famosa di sempre?ABBA
59%
Qual era la secondo moglie di John Lennon?Yoko Ono
57%
Quale fisico è stato nominato persona del secolo dal Time's magazine nel 1999?Einstein
42%
Quale città è delimitato dal corno dorato, dal Bosforo e dal mar di Marmara?Istanbul
37%
La Cisgiordania è un territorio della Palestina. Qual è l'altro?Striscia di Gaza/Gaza
32%
Chi è morto nel 1948, senza mai aver ricevuto il premio Nobel per la pace?
(Anche chiamata la più grande omissione della storia del premio)
Gandhi
31%
Chi era il chitarrista dei Beatles?Harrison/George Harrison
28%
Cosa potevano vedere Cassandra, Geremia e Paolo il polpo che gli altri non potevano vedere?Il futuro/Futuro
28%
Chi ha interpretato James Bond prima di Daniel Craig?Brosnan/Pierce Brosnan
17%
Qual è la lingua ufficiale in Pakistan? (eccetto l'inglese)Urdu
15%
Qual è la città più vicina a New York a superare i 10 mln di abitanti?Città del Messico
12%
In quale isola delle Hawaii si trova Honolulu?Oahu
8%

Distribuzione punteggi

Percentile per numero di risposta

Percentuale di utenti per punteggio

I tuoi punteggi nel tempo

Non hai fatto questo quiz